BUBT Library Online Catalog

Shakespeare's Sonnets : (Record no. 4704)

000 -LEADER
fixed length control field 00650nam a2200229Ia 4500
003 - CONTROL NUMBER IDENTIFIER
control field BUBTL
008 - FIXED-LENGTH DATA ELEMENTS--GENERAL INFORMATION
fixed length control field 151213s9999 xx 000 0 und d
020 ## - INTERNATIONAL STANDARD BOOK NUMBER
International Standard Book Number 017443474X
082 ## - DEWEY DECIMAL CLASSIFICATION NUMBER
Classification number 821.3/ J7101s/ 1998
100 ## - MAIN ENTRY--PERSONAL NAME
Personal name Jones, Kathrine Duncan
9 (RLIN) 4939
245 ## - TITLE STATEMENT
Title Shakespeare's Sonnets :
Statement of responsibility, etc. Kathrine Duncan Jones
250 ## - EDITION STATEMENT
Edition statement 3rd Series
260 ## - PUBLICATION, DISTRIBUTION, ETC. (IMPRINT)
Name of publisher, distributor, etc. Arden Shakespeare `AS:
Date of publication, distribution, etc. 1998
Place of publication, distribution, etc. Delhi
300 ## - PHYSICAL DESCRIPTION
Extent [xv],488p. :
Other physical details 19 cm
500 ## - GENERAL NOTE
General note Includes Index
650 ## - SUBJECT ADDED ENTRY--TOPICAL TERM
Topical term or geographic name as entry element English Literater
9 (RLIN) 4940
650 ## - SUBJECT ADDED ENTRY--TOPICAL TERM
Topical term or geographic name as entry element
700 ## - ADDED ENTRY--PERSONAL NAME
Personal name Kathrine Duncan Jones
9 (RLIN) 4941
856 ## - ELECTRONIC LOCATION AND ACCESS
Password 0
Logon 0
Link text Download
942 ## - ADDED ENTRY ELEMENTS (KOHA)
Source of classification or shelving scheme
Koha item type Books
Holdings
Withdrawn status Lost status Source of classification or shelving scheme Damaged status Not for loan Collection code Permanent location Current location Shelving location Date acquired Source of acquisition Inventory number Total Checkouts Full call number Barcode Date last seen Copy number Price effective from Koha item type Date last checked out
          Non-fiction Bangladesh University of Business and Technology Library Bangladesh University of Business and Technology Library English Literature Stacks 05/12/2011 Purchase 9117   821.3/ J7101s/ 1998 BUBTL-20039117 11/18/2022 C-1 11/18/2022 Books  
          Non-fiction Bangladesh University of Business and Technology Library Bangladesh University of Business and Technology Library English Literature Stacks 05/12/2011 Purchase 9118 1 821.3/ J7101s/ 1998 BUBTL-20039118 10/26/2023 C-2 11/18/2022 Books 10/16/2023
          Non-fiction Bangladesh University of Business and Technology Library Bangladesh University of Business and Technology Library English Literature Stacks 05/12/2011 Purchase 9119   821.3/ J7101s/ 1998 BUBTL-20039119 11/18/2022 C-3 11/18/2022 Books  
          Non-fiction Bangladesh University of Business and Technology Library Bangladesh University of Business and Technology Library English Literature Stacks 05/12/2011 Purchase 9120   821.3/ J7101s/ 1998 BUBTL-20039120 11/18/2022 C-4 11/18/2022 Books  
          Non-fiction Bangladesh University of Business and Technology Library Bangladesh University of Business and Technology Library English Literature Stacks 05/12/2011 Purchase 9121   821.3/ J7101s/ 1998 BUBTL-20039121 11/18/2022 C-5 11/18/2022 Books  
        Not For Loan Non-fiction Bangladesh University of Business and Technology Library Bangladesh University of Business and Technology Library English Literature Stacks 05/12/2011 Purchase 9122   821.3/ J7101s/ 1998 BUBTL-20039122 11/18/2022 C-6 11/18/2022 Books  
        Not For Loan Non-fiction Bangladesh University of Business and Technology Library Bangladesh University of Business and Technology Library English Literature Stacks 05/12/2011 Purchase 9123   821.3/ J7101s/ 1998 BUBTL-20039123 11/20/2022 C-7 11/20/2022 Books  

More Information About Library

Library Hours

  • Open: 9.00 am. to 9.00 pm.
  • Only Sunday: 9.00 am. to 6.00 pm.
  • Closed: Holiday

Contact to the University

Bangladesh University of Business and Technology Library

  • Mirpurl-2, 1216.
  • Phone:
  • Fax:
  • E-Mail: admin.library@bubt.edu.bd

Contact to the Library

Contact Person:

Md. Abdul Hakim Shah
Joint Librarian
PABX No:  113
Cell No: 01816332931
E-mail: official: admin.library@bubt.edu.bd
Personal: hakim.shah@bubt.edu.bd


BUBT Library

Copyright © 2021